|
|
|
|
| LEADER |
00000nam a22000007a 4500 |
| 005 |
2020072300450.0 |
| 007 |
cr|||| |||| |
| 008 |
200723s2011 br |||||s|||| 00||0 por d |
| 020 |
|
|
|a 978-85-89917-80-3
|
| 035 |
|
|
|a 31882
|
| 040 |
|
|
|a vLex
|
| 090 |
|
|
|c 10707
|d 10707
|
| 100 |
1 |
|
|a Valery Mirra, ℓlvaro Luiz
|
| 245 |
1 |
0 |
|a Participaȯ̂, Processo Civil e Defesa do Meio Ambiente
|h [Recurso electrn̤ico] /
|c ℓlvaro Luiz Valery Mirra
|
| 256 |
|
|
|a Servicio en ln̕ea
|
| 260 |
|
|
|a San Pablo:
|b Letras Jurídicas Editora,
|c 2011
|
| 300 |
|
|
|a 1 recurso electrn̤ico
|
| 500 |
|
|
|a A participaȯ̂ popular na proteȯ̂ do meio ambiente tem se fortalecido ao longo dos anos, desde a emergn̊cia da problemt̀ica ambiental como questô polt̕ica, a partir do final dos anos 1960 e inc̕io dos anos 1970. Para tanto, tm̊ contribud̕o, de maneira decisiva, o reconhecimento da pertinn̊cia da participaȯ̂ pb︢lica ambiental nos fr̤uns internacionais de debates e discusse̳s e os esforȯs e mobilizaė̳s empreendidos pela sociedade civil na r̤bita interna dos pas̕es, levando, progressivamente, ̉abertura e ̉ampliaȯ̂ de canais institucionais capazes de permitir tal forma de participaȯ̂ cidad.̂
|
| 506 |
1 |
|
|a Disponible solo en los productos indicados
|d vLex Global
|d vLex Global (Academic Edition, excluding Law Schools)
|d vLex Global (U.S. Academic Edition, Law Schools)
|d vLex Global (U.S. Academic Edition, excluding Law Schools)
|d vLex Global (Academic Edition, Law Schools)
|
| 650 |
0 |
4 |
|a Derecho del Medio Ambiente
|z Brasil
|
| 740 |
0 |
|
|a vLex Libros (Servicio en ln̕ea)
|
| 856 |
4 |
0 |
|u http://vlex.com/source/participa-o-processo-civil-e-defesa-do-meio-ambiente-31882
|z Acceso restringido
|
| 942 |
|
|
|c BOOK
|
| 999 |
0 |
|
|a Environmental Law
|